[Event "V Festival Mare di Fano A"]
[Site "Fano ITA"]
[Date "2016.07.30"]
[Round "1"]
[White "Varvaglione, Antonio"]
[Black "Urkedal, Frode"]
[WhiteElo "2189"]
[BlackElo "2557"]
[Result "0-1"]
[PlyCount "84"]
[EventDate "2016.07.30"]

1. e4 e5 2. Nf3 Nc6 3. d4 exd4 4. Nxd4 Bc5 5. Nxc6 bxc6 6. Bc4 Qh4 7. Qe2 Nf6
8. O-O O-O 9. Nc3 d5 10. Bd3 Re8 11. g3 Qh3 12. Qf3 Bg4 13. Qh1 Qh5 14. Re1 Bf3
15. Be2 Bxf2+ 16. Kxf2 dxe4 17. h3 Qf5 18. Bxf3 exf3 19. Bd2 Qxc2 20. Rad1 Red8
21. Nb1 Ne4+ 22. Rxe4 Qxe4 23. Qxf3 Qd4+ 24. Kg2 Qxb2 25. Qxc6 Qxa2 26. Qxc7
Rab8 27. Kg1 Rdc8 28. Qd7 Qc2 29. Nc3 Rd8 30. Qxa7 Rbc8 31. Rf1 Qxd2 32. Qxf7+
Kh8 33. Nd1 h6 34. Qf2 Qd3 35. Ne3 Re8 36. Ng2 Rc2 37. Re1 Rxe1+ 38. Qxe1 Ra2
39. Kh2 Qf3 40. Qg1 Rf2 41. h4 Kg8 42. g4 Qf4+ 0-1

[Event "V Festival Mare di Fano A"]
[Site "Fano ITA"]
[Date "2016.07.30"]
[Round "1"]
[White "Wieczorek, Oskar"]
[Black "Szukics, Adam"]
[WhiteElo "2458"]
[BlackElo "2140"]
[Result "1-0"]
[PlyCount "115"]
[EventDate "2016.07.30"]

1. e4 e5 2. Nf3 Nc6 3. Bb5 a6 4. Ba4 Nf6 5. O-O b5 6. Bb3 Bc5 7. a4 Rb8 8. axb5
axb5 9. d3 h6 10. Nc3 d6 11. h3 O-O 12. Nd5 Be6 13. c3 Bb6 14. Nxb6 Bxb3 15.
Qxb3 Rxb6 16. Be3 Rb8 17. Ra6 Qd7 18. Rfa1 Rfe8 19. Nd2 Nh5 20. d4 Nd8 21. d5
Nb7 22. Qb4 Nf4 23. Bxf4 exf4 24. Ra7 Nc5 25. Qd4 Qd8 26. b4 Nd7 27. Nf3 Ne5
28. Nxe5 Rxe5 29. f3 Qe7 30. c4 f5 31. c5 fxe4 32. cxd6 Qxd6 33. R1a6 Rb6 34.
Rxb6 cxb6 35. fxe4 f3 36. Ra8+ Kh7 37. Ra3 fxg2 38. Rg3 Qc7 39. d6 Qc1+ 40.
Kxg2 Qc2+ 41. Kf3 Rg5 42. Rxg5 Qb3+ 43. Qe3 Qd1+ 44. Qe2 Qb3+ 45. Kg2 hxg5 46.
d7 g4 47. hxg4 Qg8 48. Qd3 Qd8 49. e5+ g6 50. e6 Qa8+ 51. Qf3 Qa2+ 52. Kh3 Qd2
53. Qf7+ Kh6 54. Qf8+ Kh7 55. Qe7+ Kh6 56. g5+ Kh5 57. Qh7+ Kxg5 58. d8=Q+ 1-0

[Event "V Festival Mare di Fano A"]
[Site "Fano ITA"]
[Date "2016.07.31"]
[Round "2"]
[White "Brancaleoni, Maurizio"]
[Black "Cuhendi, Sean Winshand"]
[WhiteElo "2229"]
[BlackElo "2395"]
[Result "1/2-1/2"]
[PlyCount "71"]
[EventDate "2016.07.30"]

1. d4 Nf6 2. c4 g6 3. Nc3 Bg7 4. e4 d6 5. Be2 O-O 6. Nf3 e5 7. Be3 Qe8 8. dxe5
Ng4 9. exd6 Nxe3 10. fxe3 Bxc3+ 11. bxc3 cxd6 12. Qxd6 Qxe4 13. Kf2 Re8 14. Qf4
Qe7 15. Rhe1 Nd7 16. Bf1 Nc5 17. e4 Nxe4+ 18. Kg1 Qc5+ 19. Nd4 Bf5 20. g4 Nxc3
21. gxf5 Red8 22. fxg6 Qxd4+ 23. Qxd4 Rxd4 24. Re3 Nd1 25. gxf7+ Kxf7 26. Rf3+
Kg7 27. Rb1 b6 28. c5 bxc5 29. Rb7+ Kh8 30. Be2 Rad8 31. Rff7 Rg8+ 32. Kf1 Ne3+
33. Kf2 Ng4+ 34. Bxg4 Rgxg4 35. Rxh7+ Kg8 36. Rhc7 1/2-1/2

[Event "V Festival Mare di Fano A"]
[Site "Fano ITA"]
[Date "2016.07.31"]
[Round "2"]
[White "Csonka, Attila Istvan"]
[Black "Wieczorek, Oskar"]
[WhiteElo "2316"]
[BlackElo "2458"]
[Result "1/2-1/2"]
[PlyCount "91"]
[EventDate "2016.07.30"]

1. e4 c5 2. Nf3 d6 3. d4 Nf6 4. Nc3 cxd4 5. Nxd4 a6 6. Bg5 Nc6 7. Nb3 e6 8. Qd2
Be7 9. O-O-O Qc7 10. f4 b5 11. Bxf6 gxf6 12. Bd3 Bd7 13. Kb1 b4 14. Ne2 a5 15.
Nbd4 Nxd4 16. Nxd4 Qc5 17. Nb3 Qb6 18. Rhe1 a4 19. Nc1 a3 20. b3 Qd4 21. c3
bxc3 22. Qc2 Qb4 23. Re3 Rc8 24. Rg3 Bd8 25. Qe2 Ke7 26. Bc2 Bb6 27. e5 Qxf4
28. exd6+ Ke8 29. Qh5 Bc6 30. Rg7 Rf8 31. Qxh7 Bd5 32. d7+ Kxd7 33. Rxf7+ Rxf7
34. Qxf7+ Kd6 35. Qb7 Rc6 36. Qb8+ Bc7 37. Qf8+ Kd7 38. Nd3 Qd6 39. Qxf6 Qxh2
40. Nb4 Rd6 41. Nxd5 Rxd5 42. Qf7+ Kd6 43. Qf8+ Kd7 44. Qf7+ Kd6 45. Qf8+ Kd7
46. Qf7+ 1/2-1/2

[Event "V Festival Mare di Fano A"]
[Site "Fano ITA"]
[Date "2016.07.31"]
[Round "2"]
[White "Di Chiara, Mauro"]
[Black "Fisabilillah, Ummi"]
[WhiteElo "1934"]
[BlackElo "2099"]
[Result "0-1"]
[PlyCount "68"]
[EventDate "2016.07.30"]

1. Nf3 Nf6 2. d4 e6 3. c4 b6 4. g3 Bb4+ 5. Bd2 Qe7 6. Nc3 O-O 7. Bg2 Bb7 8. O-O
d6 9. a3 Bxc3 10. Bxc3 Nbd7 11. b4 Rfe8 12. Qb3 Ne4 13. Nd2 Nxd2 14. Bxd2 Bxg2
15. Kxg2 e5 16. d5 f5 17. Qd3 Rf8 18. e3 e4 19. Qe2 Ne5 20. Bc3 Nf3 21. h4 Qf7
22. Qb2 Qg6 23. Rh1 Rae8 24. h5 Qg4 25. h6 g6 26. Bg7 Rf7 27. c5 f4 28. exf4 e3
29. cxd6 cxd6 30. Rac1 e2 31. Qc3 Rxf4 32. Bh8 Rf7 33. Bg7 Qe4 34. Rh3 Ng5+ 0-1

[Event "V Festival Mare di Fano A"]
[Site "Fano ITA"]
[Date "2016.07.31"]
[Round "2"]
[White "Getz, Nicolai"]
[Black "Rahman, Masruri"]
[WhiteElo "2461"]
[BlackElo "2335"]
[Result "1/2-1/2"]
[PlyCount "61"]
[EventDate "2016.07.30"]

1. e4 e6 2. d4 d5 3. Nd2 c5 4. exd5 Qxd5 5. Ngf3 cxd4 6. Bc4 Qd6 7. O-O Nf6 8.
Nb3 Nc6 9. Nbxd4 Nxd4 10. Nxd4 Bd7 11. c3 Qc7 12. Qe2 Bd6 13. h3 Bh2+ 14. Kh1
Bf4 15. Nf3 Bc6 16. Bxf4 Qxf4 17. Ne5 Be4 18. Ng4 Nxg4 19. Qxg4 Qxg4 20. hxg4
O-O-O 21. Rfe1 Bc6 22. Re2 g5 23. Kh2 h5 24. gxh5 Rxh5+ 25. Kg3 g4 26. Rae1
Rdh8 27. Bd3 Bxg2 28. Kxg2 Rh2+ 29. Kg1 Rh1+ 30. Kg2 R1h2+ 31. Kg1 1/2-1/2

[Event "V Festival Mare di Fano A"]
[Site "Fano ITA"]
[Date "2016.07.31"]
[Round "2"]
[White "Khadijah, Qurota'ain"]
[Black "Corvi, Marco"]
[WhiteElo "1996"]
[BlackElo "2343"]
[Result "0-1"]
[PlyCount "104"]
[EventDate "2016.07.30"]

1. e4 Nf6 2. e5 Nd5 3. d4 d6 4. c4 Nb6 5. exd6 cxd6 6. Nc3 g6 7. Be3 Bg7 8. Be2
O-O 9. Nf3 Bf5 10. O-O d5 11. b3 dxc4 12. bxc4 Nc6 13. Rc1 Bg4 14. c5 Nd5 15.
Nxd5 Qxd5 16. Qa4 e6 17. Rfd1 Qd7 18. Rb1 Bf5 19. Rb2 Be4 20. Nd2 Bd5 21. Nc4
Rfd8 22. Nd6 Nxd4 23. Qb4 Nxe2+ 24. Rxe2 b6 25. Nb5 bxc5 26. Qa5 Qc6 27. a4 Qb6
28. Qe1 a6 29. Nc3 Bc4 30. Rc2 Qb3 31. Rdc1 Bd3 32. Ra2 c4 33. Bd2 Bd4 34. Raa1
e5 35. Bg5 Rd7 36. h3 f5 37. Kh2 Qb6 38. f3 Re8 39. f4 e4 40. Qh4 e3 41. a5 Qe6
42. Qe1 e2 43. Bh4 Be3 44. Bg3 Rd4 45. Kh1 Bxf4 46. Bf2 Rdd8 47. Na4 Qf6 48.
Nb6 Be3 49. Bxe3 Rxe3 50. Qd2 f4 51. Na4 Be4 52. Qb4 Bxg2+ 0-1

[Event "V Festival Mare di Fano A"]
[Site "Fano ITA"]
[Date "2016.07.31"]
[Round "2"]
[White "Laketic, Gojko"]
[Black "Gonzalez Diaz, Julio"]
[WhiteElo "2413"]
[BlackElo "2273"]
[Result "1/2-1/2"]
[PlyCount "154"]
[EventDate "2016.07.30"]

1. d4 g6 2. c4 Bg7 3. Nf3 d6 4. Nc3 Bg4 5. g3 Bxf3 6. exf3 c5 7. d5 Bxc3+ 8.
bxc3 Qa5 9. Be2 Nd7 10. O-O O-O-O 11. a4 h5 12. h4 f5 13. Qb3 Ngf6 14. Bg5 Kc7
15. Rfb1 Rb8 16. Qc2 a6 17. Kg2 Rhe8 18. Rb3 e5 19. dxe6 Rxe6 20. Rab1 b6 21.
R3b2 Rbe8 22. Bf1 Re1 23. Bf4 R1e6 24. Qb3 R8e7 25. Bg5 Re8 26. Kg1 Nh7 27. Bd2
Nhf6 28. Bg2 R6e7 29. Kf1 Re6 30. Bf4 R8e7 31. Rd2 Ne5 32. Bg5 Ned7 33. Rbd1
Re8 34. Bf4 Ne5 35. Re2 Ned7 36. Rxe6 Rxe6 37. Bg5 Nh7 38. Bh6 Nhf6 39. Rb1 Re8
40. Bg5 Re6 41. Qc2 Nh7 42. Bd2 Nhf6 43. Qb3 Re8 44. Rd1 Re6 45. Bg5 Nh7 46.
Bf4 Nhf6 47. Rd2 Ne8 48. Bg5 Nef6 49. Re2 Rxe2 50. Kxe2 b5 51. cxb5 axb5 52.
axb5 Kb6 53. c4 d5 54. Bd2 Qa8 55. Bc3 d4 56. Bb2 Qa5 57. Kd1 Ne8 58. f4 Nd6
59. Bc6 Nf6 60. f3 Nc8 61. Ke2 Ne7 62. Bc1 Nxc6 63. bxc6+ Kxc6 64. Qb8 Nd7 65.
Qc8+ Kd6 66. Qg8 Qa2+ 67. Bd2 Kc7 68. Qd5 Qa6 69. Kf2 Qa2 70. Ke2 Qa6 71. Kf2
Qa2 72. Ke1 Qa1+ 73. Ke2 Qa6 74. Kf1 Qa1+ 75. Be1 Qa3 76. Ke2 Qa2+ 77. Bd2 Qa6
1/2-1/2

[Event "V Festival Mare di Fano A"]
[Site "Fano ITA"]
[Date "2016.07.31"]
[Round "2"]
[White "Lavorgna, Francesco"]
[Black "Altieri, Danilo Mario"]
[WhiteElo "1887"]
[BlackElo "2037"]
[Result "0-1"]
[PlyCount "76"]
[EventDate "2016.07.30"]

1. c4 e5 2. Nc3 f5 3. g3 Nf6 4. Bg2 Nc6 5. d3 Bc5 6. e3 a6 7. Nge2 O-O 8. O-O
d6 9. d4 Bb4 10. a3 Bxc3 11. Nxc3 e4 12. b4 Qe8 13. Bb2 Qg6 14. Rc1 h5 15. Nd5
Qf7 16. Nxf6+ gxf6 17. f3 Qh7 18. fxe4 fxe4 19. Rf4 f5 20. Rh4 Qh6 21. Rc3 Bd7
22. Rxh5 Qf6 23. Rc2 Be8 24. Rh4 d5 25. cxd5 Ne7 26. Rxc7 Nxd5 27. Rch7 Bg6 28.
Rd7 Qc6 29. Rh6 Rf6 30. Rxd5 Qxd5 31. Rh4 Rc8 32. Rf4 Rfc6 33. Rf2 Kg7 34. Bf1
Kh6 35. a4 Bh5 36. Be2 Bxe2 37. Rxe2 Rc4 38. Qb3 Rc1+ 0-1

[Event "V Festival Mare di Fano A"]
[Site "Fano ITA"]
[Date "2016.07.31"]
[Round "2"]
[White "Legowo, Parahita Millyena"]
[Black "Aulia, Virda Rizka"]
[WhiteElo "2085"]
[BlackElo "1918"]
[Result "1-0"]
[PlyCount "129"]
[EventDate "2016.07.30"]

1. e4 e6 2. d4 d5 3. Nd2 Nf6 4. e5 Nfd7 5. Bd3 c5 6. c3 b6 7. Ne2 Ba6 8. Bb1
Nc6 9. Nf3 Be7 10. O-O b5 11. Re1 b4 12. Nf4 cxd4 13. cxd4 Nb6 14. b3 Rc8 15.
Qd2 Bb5 16. Nh5 g6 17. Ng3 a5 18. Qh6 Bf8 19. Qf4 Bg7 20. h4 h5 21. Ng5 Qe7 22.
Qd2 Bh6 23. Qd1 Bg7 24. Re3 Nxd4 25. Bxg6 fxg6 26. Qxd4 Nd7 27. a4 Ba6 28. Bb2
O-O 29. Rc1 Rxc1+ 30. Bxc1 Qc5 31. Qd1 Rc8 32. Bb2 Qc2 33. Qxc2 Rxc2 34. Bd4
Rd2 35. Nxe6 Bh6 36. Re1 Nf8 37. Nxf8 Bxf8 38. Bb6 Rd3 39. Rb1 Kf7 40. Ne2 Rd2
41. Nd4 Bg7 42. Nf3 Re2 43. Bd4 Bh6 44. Bb6 Bd3 45. Re1 Rxe1+ 46. Nxe1 Bf5 47.
Nf3 Bc2 48. Nd4 Bd1 49. Bxa5 Bd2 50. Bb6 Bc3 51. a5 Bxd4 52. Bxd4 Be2 53. f4
Ke6 54. Kf2 Bb5 55. Ke3 Kd7 56. Bc5 Kc6 57. Kd4 Bf1 58. g3 Bh3 59. a6 Be6 60.
a7 Kb7 61. Bxb4 Kxa7 62. Kc5 Kb7 63. Kd6 Bf5 64. e6 Kc8 65. Ke7 1-0

[Event "V Festival Mare di Fano A"]
[Site "Fano ITA"]
[Date "2016.07.31"]
[Round "2"]
[White "Lindiawati, Evi"]
[Black "Varvaglione, Antonio"]
[WhiteElo "2022"]
[BlackElo "2189"]
[Result "0-1"]
[PlyCount "76"]
[EventDate "2016.07.30"]

1. e4 c5 2. Nf3 Nc6 3. d4 cxd4 4. Nxd4 g6 5. Be3 Bg7 6. Nc3 Nf6 7. Bc4 O-O 8.
h3 Nxe4 9. Bxf7+ Rxf7 10. Nxe4 Qb6 11. Nb3 Qb4+ 12. Ned2 Bxb2 13. Rb1 Bc3 14.
O-O Qh4 15. Nf3 Qc4 16. Nc5 d6 17. Nb3 b6 18. Kh2 Bf5 19. g3 Nb4 20. Nfd2 Qc8
21. Nd4 Bxd4 22. Rxb4 Bxe3 23. fxe3 Qxc2 24. Qxc2 Bxc2 25. Rxf7 Kxf7 26. Rc4
Bf5 27. g4 Be6 28. Rf4+ Ke8 29. a4 Rc8 30. Kg3 Rc3 31. Kf3 a5 32. h4 h6 33. Ke2
Ra3 34. Re4 Bd5 35. Rd4 Bc6 36. Nc4 Rxa4 37. Nxb6 Rxd4 38. exd4 d5 0-1

[Event "V Festival Mare di Fano A"]
[Site "Fano ITA"]
[Date "2016.07.31"]
[Round "2"]
[White "Lioe, Dede"]
[Black "Liepold, Stefan"]
[WhiteElo "2357"]
[BlackElo "2236"]
[Result "1-0"]
[PlyCount "63"]
[EventDate "2016.07.30"]

1. c4 e5 2. Nc3 Nf6 3. Nf3 Nc6 4. e3 Bb4 5. Qc2 O-O 6. d3 d5 7. cxd5 Nxd5 8.
Be2 Re8 9. O-O a5 10. a3 Bf8 11. Na4 Qd6 12. b3 b6 13. Bb2 Bb7 14. Rac1 Rad8
15. Rfe1 Qg6 16. g3 f5 17. Nh4 Qf6 18. Nc3 Nf4 19. exf4 Nd4 20. Qd1 exf4 21.
Nb5 Rxe2 22. Bxd4 Rxe1+ 23. Qxe1 Rxd4 24. Nxd4 fxg3 25. Qe6+ Qxe6 26. Nxe6
gxh2+ 27. Kxh2 Bxa3 28. Rc2 Bd6+ 29. Kg1 Bd5 30. Nxc7 Bxb3 31. Rc6 Bc5 32. Na6
1-0

[Event "V Festival Mare di Fano A"]
[Site "Fano ITA"]
[Date "2016.07.31"]
[Round "2"]
[White "Maisuradze, Nino"]
[Black "Romanishin, Oleg M"]
[WhiteElo "2281"]
[BlackElo "2433"]
[Result "0-1"]
[PlyCount "132"]
[EventDate "2016.07.30"]

1. d4 Nf6 2. c4 e6 3. Nc3 Bb4 4. e3 O-O 5. Nge2 Re8 6. a3 Bf8 7. Ng3 d5 8. Bd3
c5 9. O-O cxd4 10. exd4 dxc4 11. Bxc4 Nc6 12. Be3 b6 13. d5 exd5 14. Nxd5 Be6
15. Nxf6+ Qxf6 16. Bxe6 Rxe6 17. Qc2 Nd4 18. Qc3 Rd8 19. Rad1 Red6 20. Bxd4
Rxd4 21. Rxd4 Qxd4 22. Qxd4 Rxd4 23. Rb1 Rd3 24. Ne2 g6 25. Kf1 Bg7 26. b3 Bf8
27. a4 a5 28. f3 h5 29. h3 Kg7 30. Ng3 Bb4 31. Ne2 h4 32. Kf2 Bc5+ 33. Ke1 g5
34. Kf1 Kg6 35. Ke1 f6 36. Kf1 Rd2 37. Ke1 Bb4 38. Kf1 Kf7 39. Kf2 Rd3 40. Kf1
Ke7 41. Kf2 Kd7 42. Kf1 Kc6 43. Rc1+ Kb7 44. Rb1 b5 45. axb5 Kb6 46. f4 Kxb5
47. fxg5 fxg5 48. Ng1 Bd6 49. Ke2 Rg3 50. Kf1 Bc5 51. Nf3 g4 52. hxg4 h3 53.
gxh3 Rxf3+ 54. Kg2 Rd3 55. g5 Bd6 56. h4 Rg3+ 57. Kf2 Rh3 58. Rd1 Bc5+ 59. Kg2
Rxh4 60. Kg3 Rd4 61. Rf1 Rd5 62. Kf4 Bd6+ 63. Kg4 Be7 64. Re1 Bxg5 65. Re4 Bf6
66. Rf4 Rd4 0-1

[Event "V Festival Mare di Fano A"]
[Site "Fano ITA"]
[Date "2016.07.31"]
[Round "2"]
[White "Matsenko, Andrei"]
[Black "Nemeth, Miklos"]
[WhiteElo "2327"]
[BlackElo "2467"]
[Result "1/2-1/2"]
[PlyCount "35"]
[EventDate "2016.07.30"]

1. d4 Nf6 2. c4 e6 3. Nf3 b6 4. g3 Ba6 5. Qa4 Be7 6. Bg2 O-O 7. O-O c6 8. Nc3
d5 9. Ne5 b5 10. cxb5 cxb5 11. Nxb5 Qe8 12. Nc3 Qxa4 13. Nxa4 Bxe2 14. Re1 Bb5
15. Nc3 Ba6 16. Bf4 Bb4 17. Rac1 Rc8 18. a3 1/2-1/2

[Event "V Festival Mare di Fano A"]
[Site "Fano ITA"]
[Date "2016.07.31"]
[Round "2"]
[White "Mazzini, Mauro"]
[Black "Aulia, Medina Warda"]
[WhiteElo "2191"]
[BlackElo "2382"]
[Result "1/2-1/2"]
[PlyCount "108"]
[EventDate "2016.07.30"]

1. e4 e6 2. d4 d5 3. Nc3 Bb4 4. e5 c5 5. Bd2 Ne7 6. Nb5 Bxd2+ 7. Qxd2 O-O 8. f4
cxd4 9. Nf3 Nbc6 10. Nbxd4 a5 11. O-O-O a4 12. a3 Na5 13. Bd3 Bd7 14. Qe2 Nf5
15. Nxf5 exf5 16. Nd4 Qc8 17. h3 Nb3+ 18. Nxb3 axb3 19. Kb1 bxc2+ 20. Qxc2 Ra4
21. g3 g6 22. Qxc8 Rxc8 23. Bc2 Ra5 24. Bb3 Bc6 25. Rd4 Rd8 26. Rhd1 Kf8 27.
Bc2 Ke7 28. a4 Ra7 29. Rb4 Ke6 30. Rb6 Ra6 31. Rb4 h6 32. b3 g5 33. Kb2 Rg8 34.
Rd3 Raa8 35. Rbd4 gxf4 36. Rxf4 Rg7 37. h4 Rg4 38. Bd1 Rg7 39. Re3 Rag8 40. Bc2
Rxg3 41. Bxf5+ Ke7 42. Re2 Rg2 43. Rxg2 Rxg2+ 44. Kc3 Rg3+ 45. Bd3 Bd7 46. Kd4
h5 47. a5 Rg2 48. b4 Rd2 49. Kc3 Ra2 50. Rf6 Rh2 51. Rf4 Ra2 52. Kd4 Rd2 53.
Rf3 Rh2 54. Rf4 Rd2 1/2-1/2

[Event "V Festival Mare di Fano A"]
[Site "Fano ITA"]
[Date "2016.07.31"]
[Round "2"]
[White "Mirri, Pietro"]
[Black "Aris, T.L.S."]
[WhiteElo "2011"]
[BlackElo "2162"]
[Result "0-1"]
[PlyCount "84"]
[EventDate "2016.07.30"]

1. d4 Nf6 2. c4 e6 3. Nf3 b6 4. g3 Bb7 5. Bg2 Nc6 6. O-O Ne7 7. Nc3 Ng6 8. Re1
Bb4 9. Bd2 O-O 10. a3 Bxc3 11. Bxc3 Ne4 12. Qc2 f5 13. Nd2 d5 14. Nxe4 fxe4 15.
f3 c5 16. fxe4 cxd4 17. Bxd4 Rc8 18. exd5 Bxd5 19. Bxd5 exd5 20. c5 Qg5 21. b4
h5 22. Kh1 Qg4 23. e3 bxc5 24. bxc5 h4 25. Qe2 Rf3 26. gxh4 Nxh4 27. Rg1 Qe4
28. Rxg7+ Kf8 29. Kg1 Rc6 30. Qb2 Rg6+ 31. Rxg6 Qxg6+ 32. Kh1 Qe4 33. Qb8+ Kf7
34. Qc7+ Kg6 35. Qg7+ Kf5 36. Qh7+ Ng6 37. Qh5+ Ke6 38. Kg1 Rf4 39. Rf1 Rg4+
40. Kf2 Qc2+ 41. Ke1 Qc1+ 42. Ke2 Rg2+ 0-1

[Event "V Festival Mare di Fano A"]
[Site "Fano ITA"]
[Date "2016.07.31"]
[Round "2"]
[White "Misiano, Franco"]
[Black "Esposti, Federico"]
[WhiteElo "2296"]
[BlackElo "2063"]
[Result "1-0"]
[PlyCount "39"]
[EventDate "2016.07.30"]

1. e4 c5 2. Nf3 d6 3. d4 cxd4 4. Nxd4 Nf6 5. Nc3 a6 6. Bg5 e6 7. f4 Qc7 8. Qf3
b5 9. O-O-O b4 10. e5 Bb7 11. Qh3 dxe5 12. Bb5+ axb5 13. Ncxb5 Qc8 14. Nxe6
fxe6 15. Bxf6 b3 16. Rd8+ Qxd8 17. Bxd8 Kxd8 18. Qxe6 Nd7 19. Rd1 Bc8 20. Qc6
1-0

[Event "V Festival Mare di Fano A"]
[Site "Fano ITA"]
[Date "2016.07.31"]
[Round "2"]
[White "Moroni, Luca jr"]
[Black "Priasmoro, Novendra"]
[WhiteElo "2457"]
[BlackElo "2309"]
[Result "0-1"]
[PlyCount "86"]
[EventDate "2016.07.30"]

1. e4 c5 2. Nf3 Nc6 3. Bb5 g6 4. Bxc6 dxc6 5. d3 Bg7 6. h3 e5 7. Nc3 Qe7 8. Bg5
Nf6 9. Qd2 h6 10. Be3 Nd7 11. O-O Nf8 12. Nh2 Ne6 13. Ne2 Nd4 14. Nc1 b6 15. a4
Ba6 16. a5 b5 17. Rd1 Rd8 18. Nb3 c4 19. Nxd4 exd4 20. Bf4 c5 21. Re1 cxd3 22.
cxd3 c4 23. e5 g5 24. Bg3 O-O 25. f4 c3 26. bxc3 dxc3 27. Qxc3 b4 28. Qc6 Rxd3
29. Bf2 Bb7 30. Qc4 Rc3 31. Qd4 gxf4 32. Qxf4 Rfc8 33. Rad1 b3 34. Ng4 Qg5 35.
Qb4 Ba8 36. Be3 Qg6 37. Rd2 h5 38. Rd6 Qe4 39. Qxe4 Bxe4 40. Nf2 b2 41. Bd2 Rc1
42. Bxc1 Rxc1 43. Rdd1 Rxd1 0-1

[Event "V Festival Mare di Fano A"]
[Site "Fano ITA"]
[Date "2016.07.31"]
[Round "2"]
[White "Murin, Janos"]
[Black "Scarpa, Silvia"]
[WhiteElo "2107"]
[BlackElo "1926"]
[Result "1/2-1/2"]
[PlyCount "27"]
[EventDate "2016.07.30"]

1. Nf3 c5 2. g3 Nc6 3. Bg2 g6 4. O-O Bg7 5. d3 e6 6. e4 Nge7 7. Re1 O-O 8. c3
d5 9. Nbd2 Rb8 10. Qc2 b5 11. Nf1 b4 12. Bf4 e5 13. Bg5 d4 14. cxd4 1/2-1/2

[Event "V Festival Mare di Fano A"]
[Site "Fano ITA"]
[Date "2016.07.31"]
[Round "2"]
[White "Nguyen, Piotr"]
[Black "Kholopov, Alexander A"]
[WhiteElo "2430"]
[BlackElo "2289"]
[Result "1-0"]
[PlyCount "27"]
[EventDate "2016.07.30"]

1. d4 Nf6 2. Bg5 Ne4 3. Bf4 d5 4. e3 c5 5. Bd3 cxd4 6. exd4 Qb6 7. Bxe4 dxe4 8.
Nc3 Nc6 9. d5 Qxb2 10. Nge2 Nb4 11. Rb1 Qa3 12. Nb5 Qa5 13. Nc7+ Kd7 14. O-O
1-0

[Event "V Festival Mare di Fano A"]
[Site "Fano ITA"]
[Date "2016.07.31"]
[Round "2"]
[White "Paler, Adrian"]
[Black "Lavorgna, Filippo"]
[WhiteElo "2066"]
[BlackElo "1849"]
[Result "1-0"]
[PlyCount "73"]
[EventDate "2016.07.30"]

1. e4 c6 2. d4 d5 3. e5 Bf5 4. Nf3 e6 5. Be2 c5 6. O-O Nc6 7. c4 dxc4 8. Bxc4
cxd4 9. Bb5 Bc5 10. Qa4 Nge7 11. Bg5 Qb6 12. b4 Bxb4 13. Qxb4 O-O 14. Qa4 a6
15. Bxc6 Nxc6 16. Nbd2 Qc5 17. Rac1 Qd5 18. Bf4 f6 19. Qc4 g5 20. Bg3 g4 21.
Qxd5 exd5 22. Rxc6 bxc6 23. Nxd4 Bd7 24. e6 Bc8 25. Rc1 Bb7 26. N2b3 a5 27. Nc5
Ba6 28. Nxc6 Bc4 29. Nd7 Rfc8 30. Ne7+ Kg7 31. Nxc8 Rxc8 32. Bh4 Re8 33. Re1 d4
34. Bxf6+ Kg6 35. Ne5+ Kxf6 36. Nxc4 d3 37. e7 1-0

[Event "V Festival Mare di Fano A"]
[Site "Fano ITA"]
[Date "2016.07.31"]
[Round "2"]
[White "Rago, Riccardo"]
[Black "Fier, Alexandr"]
[WhiteElo "2042"]
[BlackElo "2616"]
[Result "0-1"]
[PlyCount "58"]
[EventDate "2016.07.30"]

1. e4 c5 2. Nf3 e6 3. d4 cxd4 4. Nxd4 Nf6 5. Nc3 d6 6. Be2 Nc6 7. Be3 Be7 8.
O-O O-O 9. a4 a6 10. f4 Bd7 11. Kh1 Rc8 12. f5 Ne5 13. fxe6 fxe6 14. Nb3 Nc4
15. Bxc4 Rxc4 16. Qd3 Rc8 17. Bd4 Bc6 18. Rae1 e5 19. Bg1 Qe8 20. a5 Qg6 21.
Nd2 Kh8 22. Rf3 Nh5 23. Be3 Rxf3 24. gxf3 Rf8 25. Nd5 Bd8 26. b4 Qe6 27. c4 Qh3
28. Bf2 Bg5 29. Ne3 Rxf3 0-1

[Event "V Festival Mare di Fano A"]
[Site "Fano ITA"]
[Date "2016.07.31"]
[Round "2"]
[White "Rezzuti, Vincenzo"]
[Black "Matsenko, Vadim"]
[WhiteElo "1937"]
[BlackElo "2132"]
[Result "1-0"]
[PlyCount "41"]
[EventDate "2016.07.30"]

1. e4 c5 2. c3 Nf6 3. e5 Nd5 4. d4 cxd4 5. Nf3 e6 6. cxd4 d6 7. a3 Nc6 8. Bd3
dxe5 9. dxe5 Qc7 10. O-O Nxe5 11. Be4 Nxf3+ 12. Qxf3 Nf6 13. Bf4 e5 14. Rc1 Qb8
15. Rxc8+ Qxc8 16. Bxb7 Qc7 17. Bxa8 exf4 18. Bc6+ Nd7 19. Nc3 Bc5 20. Rd1 O-O
21. Bxd7 1-0

[Event "V Festival Mare di Fano A"]
[Site "Fano ITA"]
[Date "2016.07.31"]
[Round "2"]
[White "Rigo, Janos"]
[Black "Klekowski, Maciej"]
[WhiteElo "2243"]
[BlackElo "2429"]
[Result "0-1"]
[PlyCount "60"]
[EventDate "2016.07.30"]

1. e4 c5 2. Nf3 e6 3. c4 Nc6 4. Nc3 Nf6 5. d3 d5 6. cxd5 exd5 7. Bg5 Be7 8.
Bxf6 Bxf6 9. Nxd5 Bxb2 10. Rb1 Bf6 11. Qa4 O-O 12. Be2 Rb8 13. O-O Bd7 14. Rfe1
Re8 15. h3 g6 16. Qc4 b6 17. Bd1 Bg7 18. Ba4 Na5 19. Qc2 b5 20. Qxc5 Rc8 21.
Qxa7 Nc6 22. Qa6 Ra8 23. Qb6 Rxa4 24. Rec1 Nd4 25. Qxd8 Nxf3+ 26. gxf3 Rxd8 27.
Nb6 Rxa2 28. Nxd7 Rxd7 29. Rc8+ Bf8 30. Rxb5 Kg7 0-1

[Event "V Festival Mare di Fano A"]
[Site "Fano ITA"]
[Date "2016.07.31"]
[Round "2"]
[White "Sala, Sergio"]
[Black "Marzocchi, Tommaso"]
[WhiteElo "1919"]
[BlackElo "2068"]
[Result "0-1"]
[PlyCount "130"]
[EventDate "2016.07.30"]

1. e4 c5 2. Nf3 Nc6 3. d4 cxd4 4. Nxd4 Nf6 5. Nc3 e5 6. Ndb5 d6 7. Bg5 a6 8.
Bxf6 gxf6 9. Na3 b5 10. Nd5 Bg7 11. c3 O-O 12. g3 f5 13. exf5 Bxf5 14. Bg2 Rc8
15. Nc2 Be6 16. O-O f5 17. Re1 Ne7 18. Nce3 Ng6 19. a4 f4 20. Nc2 Qe8 21. axb5
Qxb5 22. b4 Bf5 23. Bf1 Bxc2 24. Bxb5 Bxd1 25. Bxa6 Bb3 26. Bxc8 Rxc8 27. Ra5
fxg3 28. hxg3 Bf8 29. Re3 Kf7 30. Rf3+ Kg8 31. Nf6+ Kg7 32. Ra7+ Be7 33. Ne4
Bd5 34. Re3 Bxe4 35. Rxe4 Rxc3 36. b5 Rb3 37. Rb7 Kf6 38. b6 d5 39. Ra4 Nf8 40.
Rh4 Bc5 41. Rh6+ Ng6 42. Rhxh7 Bxb6 43. Rbf7+ Kg5 44. Rhg7 Rxg3+ 45. Kh2 Rc3
46. Rd7 Kf6 47. Rxg6+ Kxg6 48. Rd6+ Kf5 49. Rxb6 Rf3 50. Kg2 Ke4 51. Rb2 Rf5
52. Kf1 d4 53. Rb4 Kd3 54. Ra4 Kd2 55. Ra2+ Kd1 56. Ra1+ Kc2 57. Ra2+ Kb3 58.
Rd2 Kc3 59. Ra2 d3 60. Ra3+ Kc2 61. Ra2+ Kb3 62. Ra8 e4 63. Rc8 e3 64. Rb8+ Kc2
65. Ra8 e2+ 0-1

[Event "V Festival Mare di Fano A"]
[Site "Fano ITA"]
[Date "2016.07.31"]
[Round "2"]
[White "Szukics, Adam"]
[Black "Cavalieri, Riccardo"]
[WhiteElo "2140"]
[BlackElo "1937"]
[Result "1-0"]
[PlyCount "77"]
[EventDate "2016.07.30"]

1. e4 c5 2. Nf3 Nc6 3. d4 cxd4 4. Nxd4 e6 5. Nb5 a6 6. Nd6+ Bxd6 7. Qxd6 Qe7 8.
Qd1 Nf6 9. Nc3 d5 10. exd5 exd5+ 11. Be2 d4 12. Na4 Bg4 13. f3 Be6 14. b3 b5
15. Nb2 Nd5 16. Bd2 Rd8 17. O-O O-O 18. Bd3 Qa3 19. Qc1 Qc5 20. Kh1 Ne5 21. Be2
Bf5 22. f4 Nc6 23. Bd3 Ndb4 24. Qd1 Bxd3 25. Nxd3 Nxd3 26. cxd3 Qf5 27. Qf3 Qd5
28. Qg4 f5 29. Qh4 Rd6 30. Rae1 Rh6 31. Qf2 Rff6 32. Re2 Rh3 33. Re8+ Kf7 34.
Re5 Nxe5 35. fxe5 Rfh6 36. Bxh6 Rxh6 37. Qxf5+ Ke7 38. Qf8+ Kd7 39. Qxg7+ 1-0

[Event "V Festival Mare di Fano A"]
[Site "Fano ITA"]
[Date "2016.07.31"]
[Round "2"]
[White "Tamin, Upi Darmayana"]
[Black "Setyaki, Azarya Jodi"]
[WhiteElo "2033"]
[BlackElo "2325"]
[Result "0-1"]
[PlyCount "54"]
[EventDate "2016.07.30"]

1. e4 g6 2. d4 Bg7 3. Nc3 d6 4. Be3 a6 5. Qd2 b5 6. f3 Bb7 7. h4 h6 8. Nh3 Nd7
9. Nf2 Rc8 10. f4 Nb6 11. h5 gxh5 12. e5 dxe5 13. fxe5 c5 14. Rxh5 cxd4 15.
Bxd4 Nc4 16. Qf4 Nxb2 17. Rb1 Qa5 18. Rxb2 Rxc3 19. Qd2 Ra3 20. c3 Bd5 21. Bc5
Rxa2 22. Qxd5 Qxc3+ 23. Rd2 Rxd2 24. Qxd2 Qxc5 25. e6 Qc3 26. exf7+ Kxf7 27.
Ne4 Qxd2+ 0-1